[Event "Istanbul Bagcilar op"]
[Site "Istanbul"]
[Date "2023.09.09"]
[Round "9"]
[White "Yaylali, Adnan Dogan"]
[Black "Aliyev, Elnur Fakhraddin Og"]
[Result "0-1"]
[WhiteElo "1873"]
[BlackElo "2072"]
[PlyCount "89"]
[EventDate "2023.09.03"]
[EventType "swiss"]
[EventRounds "9"]
[EventCountry "TUR"]
[SourceTitle "EXT 2024"]
[Source "ChessBase"]
[SourceDate "2023.10.10"]
[SourceVersion "1"]
[SourceVersionDate "2023.10.10"]
[SourceQuality "1"]

1. d4 Nf6 2. c4 e6 3. Nc3 Bb4 4. e3 c5 5. Bd3 cxd4 6. exd4 d5 7. cxd5 Nxd5 8. Nge2 0-0 9. 0-0 Nc6 10. Qc2 h6 11. Rd1 Nce7 12. Nf4 Bd7 13. Ncxd5 Nxd5 14. Nxd5 exd5 15. Qb3 Qa5 16. Bc2 Rac8 17. Qd3 f5 18. Bb3 Ba4 19. Qg3 Kh7 20. Bf4 Rc6 21. Be5 Rg6 22. Qf3 Bxb3 23. axb3 Qb5 24. Rxa7 Ra6 25. Rxa6 bxa6 26. Rc1 Rf7 27. h4 Qd7 28. h5 Qe6 29. Qd3 Kg8 30. f4 Rb7 31. g4 Rf7 32. g5 hxg5 33. fxg5 f4 34. Qf3 Rf5 35. g6 Rg5+ 36. Kf2 Bf8 37. Rc7 Rf5 38. Ra7 Qc6 39. Rc7 Qe6 40. Ra7 Rxe5 41. Rxa6 Qxa6 42. dxe5 Qb6+ 43. Kg2 Qd4 44. Kh3 Qxe5 45. Qd1 0-1

[Event "Istanbul op"]
[Site "Istanbul"]
[Date "2023.09.01"]
[Round "9"]
[White "Aliyev, Elnur Fakhraddin Og"]
[Black "Temizer, Umut"]
[Result "1-0"]
[WhiteElo "2074"]
[BlackElo "2221"]
[PlyCount "55"]
[EventDate "2023.08.26"]
[EventType "swiss"]
[EventRounds "9"]
[EventCountry "TUR"]
[SourceTitle "EXT 2024"]
[Source "ChessBase"]
[SourceDate "2023.10.10"]
[SourceVersion "1"]
[SourceVersionDate "2023.10.10"]
[SourceQuality "1"]

1. e4 c5 2. Nf3 d6 3. d4 cxd4 4. Nxd4 Nf6 5. Bb5+ Nbd7 6. 0-0 a6 7. Bxd7+ Qxd7 8. Nc3 e5 9. Nf5 Nxe4 10. Nxg7+ Bxg7 11. Nxe4 d5 12. Bh6 0-0 13. Bxg7 Kxg7 14. Ng3 Qc6 15. f4 Qb6+ 16. Kh1 Qxb2 17. Qh5 exf4 18. Qg5+ Kh8 19. Qxf4 f6 20. Rae1 Bd7 21. Re7 Be8 22. Qh6 Rf7 23. Nf5 Qb5 24. Rfe1 Qd7 25. Rxd7 Bxd7 26. Nd6 Rg7 27. Qxf6 Kg8 28. Re7 1-0

[Event "Kesan op"]
[Site "Kesan"]
[Date "2023.08.05"]
[Round "8"]
[White "Tatvidze, Davit"]
[Black "Aliyev, Elnur Fakhraddin Og"]
[Result "0-1"]
[WhiteElo "1711"]
[BlackElo "2074"]
[PlyCount "122"]
[EventDate "2023.08.01"]
[EventType "swiss"]
[EventRounds "9"]
[EventCountry "TUR"]
[SourceTitle "CBM 215 Extra"]
[Source "ChessBase"]
[SourceDate "2023.09.30"]
[SourceVersion "1"]
[SourceVersionDate "2023.09.30"]
[SourceQuality "1"]

1. c4 b6 2. Nc3 Bb7 3. Nf3 e6 4. g3 Bxf3 5. exf3 c5 6. Bg2 Nc6 7. 0-0 Nge7 8. Re1 Nf5 9. b3 h5 10. f4 h4 11. g4 Nfd4 12. h3 Rc8 13. Bb2 Nb4 14. Be4 Qf6 15. a3 Nbc6 16. f5 Be7 17. Nb5 0-0 18. Nxd4 Nxd4 19. Bxd4 Qxd4 20. Qf3 Bg5 21. Rad1 Rcd8 22. Qc3 Qd6 23. Bb1 Bf6 24. Qf3 Bd4 25. Kg2 Rfe8 26. fxe6 dxe6 27. g5 g6 28. Qg4 Re7 29. Qxh4 Red7 30. Be4 Bb2 31. a4 Qf8 32. d3 Qg7 33. Qg4 Bc3 34. Rh1 Bd4 35. h4 Rf8 36. f3 f5 37. gxf6 Rxf6 38. Rh3 Be3 39. Rdh1 Rf5 40. Rg3 Qb2+ 41. Kh3 Rg7 42. f4 Qd4 43. Bxf5 exf5 44. Qe2 Bxf4 45. Rg2 Qd8 46. h5 Re7 47. Rxg6+ Kh7 48. Qf1 Re3+ 49. Kg2 Qa8+ 50. Kg1 Rf3 51. Qd1 Be3+ 52. Kh2 Bf4+ 53. Kg1 Be3+ 54. Kh2 Qb8+ 55. Kg2 Rf2+ 56. Kh3 Qf4 57. Rg3 Bd4 58. Rh2 Be5 59. Qg1 Rf3 60. Rxf3 Qxf3+ 61. Kh4 Bf6+ 0-1

[Event "Kesan op"]
[Site "Kesan"]
[Date "2023.08.03"]
[Round "5"]
[White "Aliyev, Elnur Fakhraddin Og"]
[Black "Ilkimen, Mehmet Emre"]
[Result "1-0"]
[WhiteElo "2074"]
[BlackElo "1856"]
[PlyCount "86"]
[EventDate "2023.08.01"]
[EventType "swiss"]
[EventRounds "9"]
[EventCountry "TUR"]
[SourceTitle "CBM 215 Extra"]
[Source "ChessBase"]
[SourceDate "2023.09.30"]
[SourceVersion "1"]
[SourceVersionDate "2023.09.30"]
[SourceQuality "1"]

1. d4 Nf6 2. Nf3 b6 3. c4 Bb7 4. Nc3 e6 5. a3 Ne4 6. Bd2 Be7 7. d5 Nxd2 8. Qxd2 0-0 9. g3 d6 10. Bh3 e5 11. 0-0 Bc8 12. Bg2 f5 13. Ne1 Nd7 14. Nd3 e4 15. Nb4 Bg5 16. Qc2 Ne5 17. Nc6 Nxc6 18. dxc6 Be6 19. Rae1 Bf6 20. Nd5 Bxd5 21. cxd5 Be5 22. f4 exf3 23. Rxf3 g6 24. Ref1 Qe7 25. e3 Kg7 26. R1f2 a5 27. a4 Rae8 28. Bh3 Rf6 29. Kf1 Ref8 30. Ke2 R8f7 31. Kd3 Rf8 32. Kc4 Qd8 33. Kb5 Qe7 34. Qd3 Qe8 35. Bg2 Qe7 36. e4 f4 37. gxf4 Bxf4 38. Bh3 Qe5 39. Bd7 Ra8 40. h4 Raf8 41. Ka6 Qe7 42. Be6 Ra8+ 43. Kb5 Raf8 1-0

[Event "Kesan op"]
[Site "Kesan"]
[Date "2023.08.03"]
[Round "4"]
[White "Odeev, Handszar"]
[Black "Aliyev, Elnur Fakhraddin Og"]
[Result "1/2-1/2"]
[WhiteElo "2407"]
[BlackElo "2074"]
[PlyCount "124"]
[EventDate "2023.08.01"]
[EventType "swiss"]
[EventRounds "9"]
[EventCountry "TUR"]
[SourceTitle "CBM 215 Extra"]
[Source "ChessBase"]
[SourceDate "2023.09.30"]
[SourceVersion "1"]
[SourceVersionDate "2023.09.30"]
[SourceQuality "1"]

1. e4 e6 2. d4 d5 3. Qd3 Nf6 4. e5 Ng8 5. Qg3 Ne7 6. Bd3 c5 7. Nf3 Nbc6 8. c3 cxd4 9. 0-0 Nf5 10. Bxf5 exf5 11. cxd4 h6 12. h4 Be6 13. Nc3 Qd7 14. Nb5 0-0-0 15. Bd2 Kb8 16. b4 Ne7 17. a4 g5 18. hxg5 f4 19. Qxf4 hxg5 20. Nxg5 Bh6 21. Qf6 Nf5 22. Rfc1 Bg7 23. Bf4 Rh4 24. Qxf5 Bxf5 25. e6+ Rxf4 26. exd7 Bxd7 27. Nf3 Bxb5 28. axb5 Bxd4 29. Nxd4 Rxd4 30. Rab1 Re8 31. Rd1 Rxd1+ 32. Rxd1 Rd8 33. Kf1 Kc7 34. Rc1+ Kb6 35. Rc5 d4 36. Rf5 d3 37. Ke1 Rd4 38. Rf6+ Kxb5 39. Rxf7 Kb6 40. Rf6+ Kb5 41. Rf7 Ka6 42. b5+ Kb6 43. Rf5 d2+ 44. Kd1 a5 45. bxa6 bxa6 46. Rf3 a5 47. Rb3+ Kc5 48. Rb2 a4 49. Rxd2 Rg4 50. f3 Rg8 51. Kc2 Rb8 52. Rd3 Kb4 53. Re3 Rc8+ 54. Kb2 Rd8 55. Re4+ Kb5 56. Re5+ Kb4 57. Re4+ Kb5 58. g4 Rd2+ 59. Kc3 Rf2 60. Re5+ Kb6 61. Re6+ Kb5 62. Re5+ Kb6 1/2-1/2

[Event "Cesme op-A 9th"]
[Site "Cesme"]
[Date "2023.06.24"]
[Round "8"]
[White "Gunduz, Umut Erdem"]
[Black "Aliyev, Elnur Fakhraddin Og"]
[Result "1-0"]
[WhiteElo "2329"]
[BlackElo "2056"]
[PlyCount "85"]
[EventDate "2023.06.19"]
[EventType "swiss"]
[EventRounds "9"]
[EventCountry "TUR"]
[SourceTitle "CBM 214 Extra"]
[Source "ChessBase"]
[SourceDate "2023.07.31"]
[SourceVersion "1"]
[SourceVersionDate "2023.07.31"]
[SourceQuality "1"]

1. e4 c5 2. Nf3 Nc6 3. d4 cxd4 4. Nxd4 Nf6 5. Nc3 e5 6. Ndb5 d6 7. Nd5 Nxd5 8. exd5 Nb8 9. a4 Be7 10. Bd3 0-0 11. 0-0 Nd7 12. Be3 a6 13. Na7 Bg5 14. Nxc8 Rxc8 15. Qh5 h6 16. Rfe1 f5 17. Bxg5 Qxg5 18. Qxg5 hxg5 19. f3 g6 20. h3 Kg7 21. a5 e4 22. fxe4 f4 23. Ra3 Ne5 24. Rb3 g4 25. Rxb7+ Kf6 26. hxg4 Nxg4 27. Rd7 Kg5 28. Rxd6 f3 29. gxf3 Rxf3 30. e5 Rg3+ 31. Kf1 Rf8+ 32. Ke2 Nxe5 33. Bxa6 Rf4 34. Kd1 Nf3 35. Bd3 Ra4 36. Rxg6+ Kf4 37. Rf6+ Kg5 38. Rxf3 Rxf3 39. a6 Kf4 40. Kd2 Rd4 41. a7 Ra4 42. Re4+ Rxe4 43. Bxe4 1-0

[Event "Cesme op-A 9th"]
[Site "Cesme"]
[Date "2023.06.23"]
[Round "7"]
[White "Aliyev, Elnur Fakhraddin Og"]
[Black "Zaksaite, Salomeja"]
[Result "1-0"]
[WhiteElo "2056"]
[BlackElo "2304"]
[PlyCount "143"]
[EventDate "2023.06.19"]
[EventType "swiss"]
[EventRounds "9"]
[EventCountry "TUR"]
[SourceTitle "CBM 214 Extra"]
[Source "ChessBase"]
[SourceDate "2023.07.31"]
[SourceVersion "1"]
[SourceVersionDate "2023.07.31"]
[SourceQuality "1"]

1. e4 c5 2. Nf3 Nc6 3. Bb5 e6 4. Bxc6 bxc6 5. b3 Nf6 6. e5 Nd5 7. c4 Nb4 8. 0-0 d5 9. exd6 Bxd6 10. d4 cxd4 11. a3 Na6 12. Qxd4 0-0 13. Bb2 f6 14. Nc3 e5 15. Qe3 Qb6 16. Ne4 Qxe3 17. fxe3 Be7 18. b4 Bf5 19. Nf2 Nc7 20. e4 Be6 21. Rfd1 a5 22. c5 Rfb8 23. Bc3 Nb5 24. Bb2 Kf8 25. h3 Ke8 26. Ng4 Bb3 27. Rdc1 Rd8 28. Kf1 Nd4 29. Ne3 Nxf3 30. gxf3 Be6 31. Ke2 g5 32. Bc3 a4 33. Rd1 Kf7 34. Nf5 Bc4+ 35. Ke3 Ke6 36. Rab1 Bf8 37. Be1 Bf1 38. h4 Bh3 39. Nd6 Bxd6 40. Rxd6+ Rxd6 41. cxd6 Bf1 42. hxg5 fxg5 43. Bc3 Bb5 44. Rh1 Rg8 45. Rxh7 Kxd6 46. Rf7 g4 47. fxg4 Rxg4 48. Rf6+ Ke7 49. Bxe5 Rh4 50. Rf3 Rh1 51. Bc3 Rd1 52. Bd2 Rb1 53. Kd4 Rd1 54. Rf2 Ra1 55. Bg5+ Ke6 56. Rf6+ Kd7 57. Rf7+ Ke8 58. Rf3 Rd1+ 59. Kc5 Rd3 60. Rf2 Rxa3 61. e5 Rd3 62. Bf6 Rd5+ 63. Kb6 Kd7 64. Rg2 Ke6 65. Rg8 a3 66. Re8+ Kf5 67. Bh8 a2 68. e6 Ba4 69. e7 c5 70. b5 Rd6+ 71. Kxc5 Ke6 72. Rd8 1-0

[Event "Ankara Baskent Univ op-A 5th"]
[Site "Ankara"]
[Date "2022.07.06"]
[Round "8"]
[White "Odeev, Handszar"]
[Black "Aliyev, Elnur Fakhraddin Og"]
[Result "0-1"]
[WhiteElo "2287"]
[BlackElo "2142"]
[PlyCount "54"]
[EventDate "2022.07.02"]
[EventType "swiss"]
[EventRounds "9"]
[EventCountry "TUR"]
[SourceTitle "CBM 209 Extra"]
[Source "ChessBase"]
[SourceDate "2022.09.30"]
[SourceVersion "1"]
[SourceVersionDate "2022.09.30"]
[SourceQuality "1"]

1. e4 c5 2. Nf3 e6 3. d4 cxd4 4. Nxd4 Nc6 5. Nc3 Nf6 6. h4 Bb4 7. Nxc6 bxc6 8. e5 Nd5 9. Bd2 Qc7 10. Qh5 d6 11. exd6 Qxd6 12. 0-0-0 Rb8 13. Ne4 Qe7 14. Qe5 Bxd2+ 15. Rxd2 Rb4 16. Nd6+ Kd7 17. Nxc8 Rxc8 18. c4 Qc5 19. Rc2 f6 20. Qh5 Qd4 21. cxd5 cxd5 22. b3 Qa1+ 23. Kd2 Rxc2+ 24. Kxc2 Qxa2+ 25. Kc1 Qa3+ 26. Kd2 Qb2+ 27. Ke3 Qc3+ 0-1

[Event "Ankara Baskent Univ op-A 5th"]
[Site "Ankara"]
[Date "2022.07.04"]
[Round "4"]
[White "Aliyev, Elnur Fakhraddin Og"]
[Black "Annaberdiev, Meilis"]
[Result "0-1"]
[WhiteElo "2142"]
[BlackElo "2484"]
[PlyCount "86"]
[EventDate "2022.07.02"]
[EventType "swiss"]
[EventRounds "9"]
[EventCountry "TUR"]
[SourceTitle "CBM 209 Extra"]
[Source "ChessBase"]
[SourceDate "2022.09.30"]
[SourceVersion "1"]
[SourceVersionDate "2022.09.30"]
[SourceQuality "1"]

1. e4 c5 2. Nf3 Nc6 3. Bb5 g6 4. 0-0 Bg7 5. Na3 e5 6. c3 Nge7 7. Nc4 0-0 8. Nd6 Qc7 9. Nxc8 Raxc8 10. d3 a6 11. Bc4 b5 12. Bb3 Na5 13. Bg5 Nxb3 14. Bxe7 Nxa1 15. Bxf8 Rxf8 16. Qxa1 Qc6 17. Re1 d5 18. Qc1 Rd8 19. c4 bxc4 20. exd5 Qxd5 21. dxc4 Qd6 22. h3 f5 23. Nh2 Qd2 24. Nf1 Qxc1 25. Rxc1 e4 26. b3 Bh6 27. Re1 Rd3 28. g4 Kf7 29. gxf5 gxf5 30. Kg2 Ke6 31. Re2 a5 32. Ng3 Ke5 33. Re1 Bd2 34. Re2 Bg5 35. Re1 Bh4 36. Re3 Bxg3 37. Rxg3 Rxg3+ 38. Kxg3 f4+ 39. Kg2 Kd4 40. Kf1 Kc3 41. Ke2 Kb2 42. f3 e3 43. b4 axb4 0-1

[Event "Ankara Baskent Univ op-A 5th"]
[Site "Ankara"]
[Date "2022.07.04"]
[Round "5"]
[White "Ozer, Omer Faruk"]
[Black "Aliyev, Elnur Fakhraddin Og"]
[Result "1-0"]
[WhiteElo "2317"]
[BlackElo "2142"]
[PlyCount "77"]
[EventDate "2022.07.02"]
[EventType "swiss"]
[EventRounds "9"]
[EventCountry "TUR"]
[SourceTitle "CBM 209 Extra"]
[Source "ChessBase"]
[SourceDate "2022.09.30"]
[SourceVersion "1"]
[SourceVersionDate "2022.09.30"]
[SourceQuality "1"]

1. e4 c5 2. Nc3 Nc6 3. Bb5 Nf6 4. Bxc6 bxc6 5. f4 d5 6. d3 g6 7. Nf3 Bg7 8. 0-0 0-0 9. Qe1 Ne8 10. f5 Nc7 11. Qh4 f6 12. fxg6 hxg6 13. Qg3 g5 14. h4 Qd6 15. Qxd6 exd6 16. hxg5 fxg5 17. Bxg5 Rf7 18. Bd2 Rb8 19. Rab1 Ne6 20. exd5 cxd5 21. b3 Nd4 22. Ng5 Re7 23. Bf4 Ne2+ 24. Nxe2 Rxe2 25. Rbe1 Bd4+ 26. Kh2 Rxe1 27. Rxe1 Bf5 28. Bxd6 Rc8 29. Be5 Bf2 30. Rf1 Re8 31. Bg3 Bxg3+ 32. Kxg3 Bg6 33. Rf6 Kg7 34. Rc6 Re2 35. Rxc5 Kf6 36. Nh3 Ke5 37. Rxd5+ Kf6 38. Rd6+ Kf5 39. Rxg6 1-0

[Event "EU-ch Online U2300 Qual"]
[Site "Chess.com INT"]
[Date "2020.05.25"]
[Round "3"]
[White "Aliyev, Elnur Fakhraddin Og"]
[Black "Sargissyan, Sargis"]
[Result "0-1"]
[WhiteElo "2148"]
[BlackElo "2269"]
[PlyCount "128"]
[EventDate "2020.05.25"]
[EventType "swiss"]
[EventRounds "8"]
[EventCountry "NET"]
[SourceTitle "EXT 2021"]
[Source "ChessBase"]
[SourceDate "2020.10.23"]
[SourceVersion "1"]
[SourceVersionDate "2020.10.23"]
[SourceQuality "1"]

1. d4 Nf6 2. c4 g6 3. Nc3 Bg7 4. e4 d6 5. Be2 0-0 6. Nf3 e5 7. 0-0 Nc6 8. dxe5 dxe5 9. Qxd8 Rxd8 10. Nd5 Nxe4 11. Nxc7 Rb8 12. Be3 f5 13. Rad1 Rf8 14. Bd3 Nf6 15. c5 f4 16. Bc4+ Kh8 17. Bc1 Bg4 18. Ng5 Bxd1 19. Rxd1 h6 20. Nge6 Rf7 21. Nb5 Rd7 22. Re1 Na5 23. Bf1 Re8 24. Nxg7 Kxg7 25. b4 Nc6 26. a3 Red8 27. Nd6 Ne8 28. Ne4 Rd1 29. Rxd1 Rxd1 30. Bb2 Nd4 31. f3 Nf6 32. Nxf6 Kxf6 33. b5 Rd2 34. Bc3 Rc2 35. Bb4 Ne2+ 36. Bxe2 Rxe2 37. h4 Rc2 38. Kh2 h5 39. Kh3 Ke6 40. g3 Kd5 41. gxf4 exf4 42. c6 bxc6 43. bxc6 Kxc6 44. Bf8 Kd5 45. Bh6 Ke5 46. Bg7+ Kf5 47. Bf8 Rf2 48. Bc5 Rxf3+ 49. Kg2 Rg3+ 50. Kh2 a6 51. Bd6 Kg4 52. Be7 Re3 53. Bc5 Re2+ 54. Kg1 f3 55. a4 Kxh4 56. a5 Kg4 57. Bb6 h4 58. Kf1 h3 59. Kg1 Ra2 60. Kh1 f2 61. Bxf2 Rxf2 62. Kg1 Ra2 63. Kh1 Kg3 64. Kg1 Ra1# 0-1

[Event "EU-ch Online U2300 Qual"]
[Site "Chess.com INT"]
[Date "2020.05.25"]
[Round "2"]
[White "Tobak, Mikhail"]
[Black "Aliyev, Elnur Fakhraddin Og"]
[Result "0-1"]
[WhiteElo "2067"]
[BlackElo "2148"]
[PlyCount "154"]
[EventDate "2020.05.25"]
[EventType "swiss"]
[EventRounds "8"]
[EventCountry "NET"]
[SourceTitle "EXT 2021"]
[Source "ChessBase"]
[SourceDate "2020.10.23"]
[SourceVersion "1"]
[SourceVersionDate "2020.10.23"]
[SourceQuality "1"]

1. e4 c5 2. Nf3 Nc6 3. Bb5 d6 4. 0-0 Bd7 5. c3 a6 6. Ba4 Nf6 7. Bc2 Bg4 8. h3 Bh5 9. d3 e6 10. Re1 Be7 11. Nbd2 0-0 12. Nf1 Ne5 13. N1h2 Nxf3+ 14. Nxf3 Rc8 15. Qe2 Nd7 16. Bf4 Ne5 17. Bxe5 Bxf3 18. Qxf3 dxe5 19. a4 b6 20. Bb3 Qd7 21. Rad1 b5 22. Ra1 Rb8 23. axb5 axb5 24. Ra6 c4 25. Bc2 Rfd8 26. Rd1 Qb7 27. Raa1 cxd3 28. Rxd3 Rxd3 29. Bxd3 b4 30. Rb1 Qa7 31. cxb4 Bxb4 32. b3 Bc5 33. Bc4 Rd8 34. Qe2 Qb6 35. Rf1 Qb4 36. Qg4 Rd2 37. Qg5 h6 38. Qg3 Bd4 39. Kh1 Qa3 40. f4 Ra2 41. fxe5 Ra1 42. Qf4 Rxf1+ 43. Qxf1 Bxe5 44. Qb1 Qb4 45. Qd1 Qc3 46. Qf3 Qe1+ 47. Bf1 g6 48. g4 Qd2 49. Qe2 Qc3 50. Qd3 Qb4 51. Kg2 Kg7 52. Be2 Bb8 53. Kf2 Ba7+ 54. Kg2 Qb6 55. Qc3+ Kh7 56. Qe1 Qe3 57. Qf1 Qxe4+ 58. Qf3 Qxf3+ 59. Kxf3 Kg7 60. b4 Kf6 61. Ke4 Kg5 62. Kf3 Kh4 63. Kg2 f5 64. gxf5 gxf5 65. Bd3 Kg5 66. Kf3 e5 67. Bc2 e4+ 68. Kg2 Kf4 69. b5 Ke3 70. Bb3 f4 71. Bd5 Bb6 72. Bc6 f3+ 73. Kg3 Bc5 74. Bd5 Bb6 75. Be6 Bc7+ 76. Kg4 Kf2 77. Bc4 e3 0-1

[Event "Belgrade ChessAmateur op 5th"]
[Site "Belgrade"]
[Date "2019.01.07"]
[Round "6"]
[White "Colovic, Dusan"]
[Black "Aliyev, Elnur Fakhraddin Og"]
[Result "1-0"]
[WhiteElo "2324"]
[BlackElo "2221"]
[PlyCount "67"]
[EventDate "2019.01.04"]
[EventType "swiss"]
[EventRounds "9"]
[EventCountry "SRB"]
[SourceTitle "CBM 188 Extra"]
[Source "ChessBase"]
[SourceDate "2019.02.26"]
[SourceVersion "1"]
[SourceVersionDate "2019.02.26"]
[SourceQuality "1"]

1. d4 Nf6 2. Nc3 d5 3. Bf4 e6 4. Nb5 Bb4+ 5. c3 Ba5 6. e3 a6 7. Na3 c5 8. Nf3 c4 9. Be2 Nc6 10. 0-0 b5 11. Nc2 Bb7 12. Ne5 Bc7 13. Nxc6 Bxc6 14. Bxc7 Qxc7 15. f4 Ne4 16. Bf3 Nd6 17. Qe1 f6 18. Qh4 Ke7 19. g4 Rag8 20. Qg3 g5 21. f5 h5 22. fxe6 hxg4 23. Bg2 Rh6 24. e4 dxe4 25. Ne3 Qb7 26. Nxg4 Rgh8 27. Rxf6 Rxf6 28. Nxf6 e3 29. d5 Be8 30. Qxg5 Kd8 31. Nxe8+ Kxe8 32. Qe5 Rg8 33. Qxd6 Qg7 34. Qb8+ 1-0

[Event "Belgrade ChessAmateur op 5th"]
[Site "Belgrade"]
[Date "2019.01.06"]
[Round "4"]
[White "Brankovic, Dejan"]
[Black "Aliyev, Elnur Fakhraddin Og"]
[Result "1-0"]
[WhiteElo "2317"]
[BlackElo "2221"]
[PlyCount "112"]
[EventDate "2019.01.04"]
[EventType "swiss"]
[EventRounds "9"]
[EventCountry "SRB"]
[SourceTitle "CBM 188 Extra"]
[Source "ChessBase"]
[SourceDate "2019.02.26"]
[SourceVersion "1"]
[SourceVersionDate "2019.02.26"]
[SourceQuality "1"]

1. Nf3 g6 2. g3 Bg7 3. Bg2 e5 4. d3 Ne7 5. 0-0 0-0 6. e4 c6 7. c3 d5 8. Re1 Nd7 9. b4 dxe4 10. dxe4 a5 11. Be3 Qc7 12. Nbd2 Rd8 13. Nc4 axb4 14. cxb4 b5 15. Qd6 Qxd6 16. Nxd6 Nf8 17. Nxc8 Nxc8 18. Bh3 Nd6 19. Bb6 Re8 20. Nd2 Bh6 21. Be3 Bxe3 22. Rxe3 Red8 23. Rc3 Ra6 24. a3 Nb7 25. Nf3 f6 26. Rac1 Nd6 27. Rxc6 Rxc6 28. Rxc6 Nxe4 29. Bf1 Rd1 30. Kg2 Nd6 31. Be2 Rd5 32. Rc5 Rxc5 33. bxc5 Ne4 34. Bxb5 Nxc5 35. a4 Nb7 36. Bc4+ Kg7 37. Bd3 Na5 38. Nd2 Nd7 39. Nc4 Nxc4 40. Bxc4 Nb6 41. Bb3 f5 42. a5 Nc8 43. a6 Kf6 44. Kf3 e4+ 45. Ke3 Ke5 46. f3 exf3 47. Kxf3 g5 48. Ba4 Na7 49. Bd7 h6 50. h3 f4 51. gxf4+ gxf4 52. h4 Kd6 53. Bf5 Ke5 54. Bd3 Nc6 55. Be2 Nd4+ 56. Kg4 Nc6 1-0

[Event "Troya op 26th"]
[Site "Canakkale"]
[Date "2018.08.09"]
[Round "6"]
[White "Lomsadze, David"]
[Black "Aliyev, Elnur Fakhraddin Og"]
[Result "1/2-1/2"]
[WhiteElo "2352"]
[BlackElo "2190"]
[PlyCount "116"]
[EventDate "2018.08.06"]
[EventType "swiss"]
[EventRounds "9"]
[EventCountry "TUR"]
[SourceTitle "CBM 185 Extra"]
[Source "ChessBase"]
[SourceDate "2018.07.29"]
[SourceVersion "1"]
[SourceVersionDate "2018.07.29"]
[SourceQuality "1"]

1. Nf3 d5 2. g3 Nc6 3. Bg2 Bf5 4. c4 e6 5. b3 Nb4 6. Na3 c6 7. 0-0 Be7 8. Bb2 Bf6 9. Qc1 Bxb2 10. Qxb2 Qf6 11. Qc3 Qxc3 12. dxc3 Nc2 13. Nxc2 Bxc2 14. cxd5 exd5 15. Nd4 Bg6 16. c4 Nf6 17. cxd5 0-0-0 18. e3 Nxd5 19. Rfc1 Rhe8 20. a3 Nc7 21. b4 Kb8 22. a4 Be4 23. Bxe4 Rxe4 24. Rc4 Ree8 25. b5 cxb5 26. axb5 Ne6 27. Nxe6 Rxe6 28. Rca4 Rd5 29. Rxa7 Rxb5 30. Ra8+ Kc7 31. Rf8 Rf6 32. Ra2 Kd7 33. Rc2 Ke7 34. Rb8 Rd6 35. Kg2 Rd8 36. Rc7+ Rd7 37. Rc4 Rd2 38. Re4+ Kf6 39. Rf4+ Kg6 40. Rg8 h5 41. Rf8 Rd7 42. h4 Rf5 43. Kf3 Rxf4+ 44. Kxf4 Rd6 45. e4 Rb6 46. Rh8 Rb2 47. f3 Rb1 48. Rd8 Kf6 49. Rd6+ Ke7 50. Rd5 g6 51. g4 hxg4 52. fxg4 Kf6 53. e5+ Kg7 54. Rd4 b5 55. h5 gxh5 56. gxh5 b4 57. Ke3 Re1+ 58. Kf2 Rxe5 1/2-1/2

[Event "Kahramanmaras op 9th"]
[Site "Kahramanmaras"]
[Date "2018.04.05"]
[Round "5"]
[White "Deniz, Medeni"]
[Black "Aliyev, Elnur Fakhraddin Og"]
[Result "0-1"]
[WhiteElo "1942"]
[BlackElo "2200"]
[PlyCount "180"]
[EventDate "2018.04.03"]
[EventType "swiss"]
[EventRounds "9"]
[EventCountry "TUR"]
[SourceTitle "CBM 183 Extra"]
[Source "ChessBase"]
[SourceDate "2018.04.19"]
[SourceVersion "1"]
[SourceVersionDate "2018.04.19"]
[SourceQuality "1"]

1. Nf3 g6 2. d4 c5 3. e3 Bg7 4. Nbd2 Nf6 5. b3 Nc6 6. Bb2 cxd4 7. exd4 0-0 8. Be2 Nd5 9. g3 Qa5 10. 0-0 Nc3 11. Bxc3 Qxc3 12. Ne4 Qa5 13. c4 d5 14. Neg5 h6 15. cxd5 Nb4 16. Qd2 hxg5 17. a3 g4 18. axb4 Qxd5 19. Ra5 Qd6 20. Ne5 b6 21. Ra2 Bxe5 22. dxe5 Qxe5 23. Re1 Qf6 24. Rea1 Be6 25. Rxa7 Qxa1+ 26. Rxa1 Rxa1+ 27. Kg2 Rfa8 28. Qg5 Rd8 29. Bxg4 Bxg4 30. Qxg4 Ra2 31. Qe4 Rdd2 32. Qxe7 Rxf2+ 33. Kh3 Rxh2+ 34. Kg4 Raf2 35. Qe8+ Kg7 36. Qe5+ Kh7 37. Qe7 Rh5 38. Qc7 Kh6 39. Qc1+ Kg7 40. Qc7 Rf6 41. Qc3 Rhf5 42. Qd4 Kh7 43. Qd7 Re6 44. Qb7 Kg7 45. Qc7 Re4+ 46. Kh3 Rf3 47. Qxb6 Rxb3 48. b5 Reb4 49. Qd6 Rxb5 50. Qd4+ Kh7 51. Qc4 Kg8 52. Qc8+ Kg7 53. Qc4 Rb2 54. Qd4+ Kh7 55. Qc3 R2b3 56. Qc4 Kg8 57. Qc8+ Kg7 58. Qc4 Rh5+ 59. Kg4 Rbb5 60. Qd4+ Kh7 61. Qc4 Rhg5+ 62. Kh4 Rgd5 63. Kg4 Rbc5 64. Qb4 Rc2 65. Qb7 Rc4+ 66. Kh3 Rf5 67. Qb3 Re4 68. Qd3 Rh5+ 69. Kg2 Rhe5 70. Qd7 Kg7 71. Qc7 g5 72. Kh3 Kg6 73. Qc2 g4+ 74. Kg2 Kg5 75. Qc1+ Kh5 76. Qh1+ Kg6 77. Qb1 Kg7 78. Qd3 Re2+ 79. Kf1 Re1+ 80. Kf2 R5e2+ 81. Qxe2 Rxe2+ 82. Kxe2 Kf6 83. Kd3 Ke5 84. Ke3 f5 85. Kd3 f4 86. Ke2 f3+ 87. Ke3 Kd5 88. Kd3 f2 89. Ke2 Ke4 90. Kxf2 Ke5 0-1

[Event "Kahramanmaras op 9th"]
[Site "Kahramanmaras"]
[Date "2018.04.04"]
[Round "2"]
[White "Aliyev, Elnur Fakhraddin Og"]
[Black "Quparadze, Giga"]
[Result "0-1"]
[WhiteElo "2200"]
[BlackElo "2471"]
[PlyCount "110"]
[EventDate "2018.04.03"]
[EventType "swiss"]
[EventRounds "9"]
[EventCountry "TUR"]
[SourceTitle "CBM 183 Extra"]
[Source "ChessBase"]
[SourceDate "2018.04.19"]
[SourceVersion "1"]
[SourceVersionDate "2018.04.19"]
[SourceQuality "1"]

1. e4 c5 2. Nf3 Nc6 3. d4 cxd4 4. Nxd4 Qc7 5. Nc3 e6 6. Be3 a6 7. Qf3 Bd6 8. 0-0-0 Be5 9. Be2 Nge7 10. g3 0-0 11. Qg2 b5 12. f4 Bxd4 13. Bxd4 Nxd4 14. Rxd4 Bb7 15. Rhd1 d5 16. Bf3 Qa5 17. Kb1 b4 18. Ne2 Rac8 19. Nc1 Qb6 20. R4d2 a5 21. exd5 Bxd5 22. Nd3 a4 23. Ne5 Rc7 24. Bxd5 Nxd5 25. Rxd5 exd5 26. Qxd5 Qf2 27. Qd2 Qxd2 28. Rxd2 Re8 29. b3 f6 30. Nd3 a3 31. Kc1 Re4 32. Nf2 Re1+ 33. Rd1 Rce7 34. Nd3 R1e4 35. Nf2 Re2 36. Rd2 Re1+ 37. Rd1 R7e2 38. Nd3 Rxd1+ 39. Kxd1 Rxh2 40. Nxb4 Kf7 41. Nd3 Ke6 42. b4 Kd5 43. b5 Rh1+ 44. Kd2 Rb1 45. Nc1 Rxb5 46. Kd3 Rb1 47. c4+ Kc5 48. Ne2 Rb2 49. Nc3 Rg2 50. Ne4+ Kc6 51. Nc3 Rxg3+ 52. Kd4 h5 53. Nd5 h4 54. Ne7+ Kd7 55. Nf5 Rg2 0-1

[Event "Kahramanmaras op 9th"]
[Site "Kahramanmaras"]
[Date "2018.04.04"]
[Round "3"]
[White "Hajiyev, Shahin Qabil"]
[Black "Aliyev, Elnur Fakhraddin Og"]
[Result "0-1"]
[WhiteElo "1881"]
[BlackElo "2200"]
[PlyCount "54"]
[EventDate "2018.04.03"]
[EventType "swiss"]
[EventRounds "9"]
[EventCountry "TUR"]
[SourceTitle "CBM 183 Extra"]
[Source "ChessBase"]
[SourceDate "2018.04.19"]
[SourceVersion "1"]
[SourceVersionDate "2018.04.19"]
[SourceQuality "1"]

1. d4 Nf6 2. c4 e6 3. Nc3 Bb4 4. Qc2 Nc6 5. Nf3 d5 6. e3 0-0 7. Bd2 Re8 8. a3 Bf8 9. Rc1 e5 10. Nxd5 exd4 11. Bd3 Bg4 12. Ng5 g6 13. Nxf6+ Qxf6 14. Ne4 Qh4 15. 0-0 Bf5 16. Ng3 Bxd3 17. Qxd3 Rad8 18. Qb3 Ne5 19. exd4 Rxd4 20. Bc3 Rd3 21. Qc2 Ng4 22. h3 Rxg3 23. fxg3 Qxg3 24. hxg4 Bd6 25. Bd4 Qh2+ 26. Kf2 Qh4+ 27. Kg1 Bh2+ 0-1